Animals The Old Lady Swallowed - Statistics

General Stats
  • This quiz has been taken 6 times
  • The average score is 6 of 8
Answer Stats
Answer % Correct
Fly
100%
Cat
83%
Dog
83%
Spider
83%
Horse
67%
Cow
50%
Goat
50%
Bird
33%
No matching quizzes found
Score Distribution
Percent of People with Each Score
Percentile by Number Answered
Your Score History
You have not taken this quiz